00330nam a2200133Ia 4500008004100000020001500041041001200056082001600068100001600084245004400100260003200144300000800176650001200184221030s9999 xx 000 0 und d a8172242700 aEnglish a105.23bBla aR. R. Blaka 4aThe New Managerial Gridcby R. R. Blaka bJaico Pub.aNew Delhic1999 a329 aGeneral